1590 1562 1132 1730 1239 1813 1446 1926 1820 1127 1926 1543 1098 1370 1619 1852 1457 1072 1828 1793 1023 1935 1710 1799 1073 1289 1053 1520 1798 1443 1411 1624 1709 1457 1499 1603 1856 1993 1398 1095 1717 1472 1217 1923 1883 1431 1660 1162 1753 1905 1870 1775 1045 1291 1558 1916 1771 1044 1379 1003 1332 1556 1490 1361 1337 1495 1774 1933 1036 1262 1610 1869 1565 1369 1879 1206 1808 1202 1480 1540 1829 1024 1305 1421 1180 1936 1861 1171 1716 1369 1914 1806 1337 1019 1571 1634 1595 1001 1615 BCNSPRNW ULIB Ver.6.0+V

เปลี่ยนเป็นภาษาไทย

Change to English
 แสดงรายละเอียดบรรณานุกรม
  กลับหน้าหลัก

Brief Record : Get Marc (ISO 2709) : E-mail record : QR code < ปิดหน้าต่าง
LEADER : 00000nam a2200000Ia 4500
001    13399125495
003     ULIB
008    160425s2559 th a b 001 0 tha d
020    ^a9789749510650
040    ^absc
060 04 ^aQV4^bภ781
245 00 ^aเภสัชวิทยา :^bเนื้อหาสำคัญและแบบฝึกหัด = Pharmacology :principles and exercises /^cบรรณาธิการ, ณัฐวุธ สิบหมู่
246 31 ^aPharmacology : principles and exercises
250    ^aฉบับเรียบเรียงใหม่ครั้งที่ 1
260    ^aกรุงเทพฯ :^bภาควิชาเภสัชวิทยา คณะวิทยาศาสตร์ มหาวิทยาลัยมหิดล,^c2559
300    ^a772 หน้า :^bภาพประกอบ ;^c30 ซม.
504    ^aมีบรรณานุกรมและดัชนี
650  0 ^aPharmacology
650  0 ^aDrug utilization
650  4 ^aเภสัชวิทยา
650  4 ^aการใช้ยา
700 0  ^aณัฐวุธ สิบหมู่,^eบรรณาธิการ
710 2  ^aมหาวิทยาลัยมหิดล.^bคณะวิทยาศาสตร์.^bภาควิชาเภสัชวิทยา
945    ^p650^l0^i25192
945    ^p650^l0^i29541
945    ^p650^l0^i29542
945    ^p650^l0^i30219
945    ^p650^l0^i30220
945    ^p650^l0^i30221
995    ^aกัณชพร
999    ^aกัณชพร
รายการนี้ยังไม่มีแท็ก
คุณยังไม่ได้ล็อกอิน คุณสามารถมีกิจกรรมร่วมกับเว็บไซต์ได้ แต่ต้องล็อกอินก่อน ::
  ล็อกอิน

รายการสื่อสารสนเทศ

ลำดับที่ ประเภท เลขเรียก/บาร์โค้ด สถานที่ สถานะ
1. วิทยาศาสตร์การแพทย์ และสุขภาพ
วิทยาศาสตร์การแพทย์ และสุขภาพ
สถานะ=หนังสือเก่า
QV4 ภ781 ฉ.1 
  Barcode: 25192
ห้องสมุดวิทยาเขตนครสวรรค์
►ส่วนจัดเก็บหนังสือเก่า นว.
บนชั้น
  ขอยืม
2. วิทยาศาสตร์การแพทย์ และสุขภาพ
วิทยาศาสตร์การแพทย์ และสุขภาพ
สถานะ=หนังสือเก่า
QV4 ภ781 ฉ.2 
  Barcode: 29541
ห้องสมุดวิทยาเขตนครสวรรค์
►ส่วนจัดเก็บหนังสือเก่า นว.
บนชั้น
  ขอยืม
3. วิทยาศาสตร์การแพทย์ และสุขภาพ
วิทยาศาสตร์การแพทย์ และสุขภาพ
สถานะ=หนังสือเก่า
QV4 ภ781 ฉ.3 
  Barcode: 29542
ห้องสมุดวิทยาเขตนครสวรรค์
►ส่วนจัดเก็บหนังสือเก่า นว.
บนชั้น
  ขอยืม
4. วิทยาศาสตร์การแพทย์ และสุขภาพ
วิทยาศาสตร์การแพทย์ และสุขภาพ
สถานะ=หนังสือเก่า
QV4 ภ781 ฉ.4 
  Barcode: 30219
ห้องสมุดวิทยาเขตนครสวรรค์
►ส่วนจัดเก็บหนังสือเก่า นว.
บนชั้น
  ขอยืม
5. วิทยาศาสตร์การแพทย์ และสุขภาพ
วิทยาศาสตร์การแพทย์ และสุขภาพ
สถานะ=หนังสือเก่า
QV4 ภ781 ฉ.5 
  Barcode: 30220
ห้องสมุดวิทยาเขตนครสวรรค์
►ส่วนจัดเก็บหนังสือเก่า นว.
บนชั้น
  ขอยืม
6. วิทยาศาสตร์การแพทย์ และสุขภาพ
วิทยาศาสตร์การแพทย์ และสุขภาพ
สถานะ=หนังสือเก่า
QV4 ภ781 ฉ.6 
  Barcode: 30221
ห้องสมุดวิทยาเขตนครสวรรค์
►ส่วนจัดเก็บหนังสือเก่า นว.
บนชั้น
  ขอยืม

รายการใกล้เคียง
    หัวเรื่อง [Pharmacology]
    หัวเรื่อง [Drug utilization]
    หัวเรื่อง [เภสัชวิทยา]
    หัวเรื่อง [การใช้ยา]

BibComment


ยังไม่เคยถูกคอมเมนท์

คอมเมนท์ทรัพยากรรายการนี้
  คอมเมนท์: เภสัชวิทยา เนื้..


 Copyright 2026. Bcnsprnw @Library